|
|
|
|
| LEADER |
01423nam a22002777a 4500 |
| 001 |
35346 |
| 003 |
BD-DhAAL |
| 005 |
20220213094927.0 |
| 008 |
190912t2004 bg ||||| |||| 00| 0 ben d |
| 999 |
|
|
|c 41237
|d 41237
|
| 010 |
|
|
|a 2009046447
|
| 020 |
|
|
|a 9840744771
|
| 040 |
|
|
|a BD-DhAAL
|
| 043 |
|
|
|a a-bg---
|
| 082 |
0 |
0 |
|a 954.92003
|2 22
|
| 245 |
|
|
|a বাংলা একাডেমী ঐতিহাসিক অভিধান /
|c মনজরুর রহমান সম্পাদিত
|
| 260 |
|
|
|a ঢাকা :
|b বাংলা একাডেমী,
|c ২০০৪ [তৃতীয় পুনমুদ্রণ]
|
| 300 |
|
|
|a ৪০৮ পৃষ্ঠা ;
|b ২৩ সে.মি.
|
| 526 |
|
|
|a BIED
|
| 541 |
|
|
|a Complimentary copy from BIED
|e 35346, 37688
|
| 651 |
|
0 |
|a Bangladesh
|x History
|v Dictionaries.
|9 34551
|
| 700 |
|
|
|a রহমান, মনজরুর
|9 34552
|
| 852 |
|
|
|a Ayesha Abed Library
|c BIED Collection
|
| 942 |
|
|
|2 ddc
|c BK
|
| 952 |
|
|
|0 0
|1 0
|2 ddc
|4 0
|6 954_920030000000000_BAN
|7 0
|9 66287
|a BRACUL
|b BRACUL
|c GEN
|d 2019-09-12
|e Complimentary copy from BIED
|l 0
|o 954.92003 BAN
|p 3010035346
|r 2019-09-12
|t 1
|w 2019-09-12
|y BK
|x Transferred from BIED to General Stacks
|
| 952 |
|
|
|0 0
|1 0
|2 ddc
|4 0
|6 954_920030000000000_BAN
|7 0
|9 69763
|a BRACUL
|b BRACUL
|c GEN
|d 2022-02-13
|e Complimentary copy from BIED
|l 1
|m 3
|o 954.92003 BAN
|p 3010037688
|r 2025-01-10
|s 2024-04-02
|t 2
|w 2022-02-13
|y BK
|x Transferred from BIED to General Stacks
|